000 00264nam a2200109Ia 4500
008 190912s9999||||xx |||||||||||||| ||und||
100 _aDr. Ali Shareati
245 0 _aHum aur Iqbal
260 _aIslamabad
_b Islami Jamhoria Iran
_c1996
300 _a138
942 _cBK
999 _c7098
_d7098